| 000 -LEADER |
| fixed length control field |
01626cam a22004094a 4500 |
| 001 - CONTROL NUMBER |
| control field |
14029608 |
| 005 - DATE AND TIME OF LATEST TRANSACTION |
| control field |
20240502103508.0 |
| 008 - FIXED-LENGTH DATA ELEMENTS--GENERAL INFORMATION |
| fixed length control field |
050706s2007 maua f 001 0 eng |
| 010 ## - LIBRARY OF CONGRESS CONTROL NUMBER |
| LC control number |
2005019335 |
| 015 ## - NATIONAL BIBLIOGRAPHY NUMBER |
| National bibliography number |
GBA608384 |
| Source |
bnb |
| 020 ## - INTERNATIONAL STANDARD BOOK NUMBER |
| International Standard Book Number |
9780763737610 X |
| 041 ## - LANGUAGE CODE |
| Language code of text/sound track or separate title |
eng |
| 042 ## - AUTHENTICATION CODE |
| Authentication code |
pcc |
| 050 00 - LIBRARY OF CONGRESS CALL NUMBER |
| Classification number |
RC669.15 |
| Item number |
.S88 2007 |
| 060 10 - NATIONAL LIBRARY OF MEDICINE CALL NUMBER |
| Classification number |
WG 39 |
| Item number |
S966b 2007 |
| 080 ## - UNIVERSAL DECIMAL CLASSIFICATION NUMBER |
| Universal Decimal Classification number |
616.12 S-95 |
| 100 1# - MAIN ENTRY--PERSONAL NAME |
| Personal name |
Sutherland, John, |
| Dates associated with a name |
1946- |
| 9 (RLIN) |
261 |
| 245 14 - TITLE STATEMENT |
| Title |
The little black book of cardiology / |
| Statement of responsibility, etc. |
John A. Sutherland. |
| 250 ## - EDITION STATEMENT |
| Edition statement |
2nd ed. |
| 260 ## - PUBLICATION, DISTRIBUTION, ETC. |
| Place of publication, distribution, etc. |
Sudbury, Mass. : |
| Name of publisher, distributor, etc. |
Jones and Bartlett Publishers, |
| Date of publication, distribution, etc. |
c2007. |
| 300 ## - PHYSICAL DESCRIPTION |
| Extent |
xxi, 385 p. : |
| Other physical details |
ill. ; |
| Dimensions |
18 cm. |
| 440 #0 - SERIES STATEMENT/ADDED ENTRY--TITLE |
| Title |
Little black book series |
| 9 (RLIN) |
262 |
| 500 ## - GENERAL NOTE |
| General note |
Rev. ed. of: Blackwell's primary care essentials. Cardiology. c2001. |
| 500 ## - GENERAL NOTE |
| General note |
Includes index. |
| 650 #0 - SUBJECT ADDED ENTRY--TOPICAL TERM |
| Topical term or geographic name entry element |
Cardiology |
| Form subdivision |
Handbooks, manuals, etc. |
| 9 (RLIN) |
263 |
| 650 #0 - SUBJECT ADDED ENTRY--TOPICAL TERM |
| Topical term or geographic name entry element |
Cardiovascular system |
| General subdivision |
Diseases |
| Form subdivision |
Handbooks, manuals, etc. |
| 9 (RLIN) |
264 |
| 650 #0 - SUBJECT ADDED ENTRY--TOPICAL TERM |
| Topical term or geographic name entry element |
Primary care (Medicine) |
| Form subdivision |
Handbooks, manuals, etc. |
| 9 (RLIN) |
265 |
| 650 12 - SUBJECT ADDED ENTRY--TOPICAL TERM |
| Topical term or geographic name entry element |
Cardiovascular Diseases |
| General subdivision |
diagnosis |
| Form subdivision |
Handbooks. |
| 9 (RLIN) |
266 |
| 650 12 - SUBJECT ADDED ENTRY--TOPICAL TERM |
| Topical term or geographic name entry element |
Cardiovascular Diseases |
| General subdivision |
therapy |
| Form subdivision |
Handbooks. |
| 9 (RLIN) |
267 |
| 653 ## - INDEX TERM--UNCONTROLLED |
| keyword |
მედიცინა |
| 653 ## - INDEX TERM--UNCONTROLLED |
| keyword |
კარდიოლოგია |
| 700 1# - ADDED ENTRY--PERSONAL NAME |
| Personal name |
Sutherland, John, |
| Dates associated with a name |
1946- |
| Title of a work |
Blackwell's primary care essentials. |
| Name of part/section of a work |
Cardiology. |
| 9 (RLIN) |
268 |
| 856 41 - ELECTRONIC LOCATION AND ACCESS |
| Materials specified |
Table of contents |
| Uniform Resource Identifier |
http://www.loc.gov/catdir/toc/ecip0515/2005019335.html |
| 906 ## - LOCAL DATA ELEMENT F, LDF (RLIN) |
| a |
7 |
| b |
cbc |
| c |
orignew |
| d |
1 |
| e |
ecip |
| f |
20 |
| g |
y-gencatlg |
| 942 ## - ADDED ENTRY ELEMENTS (KOHA) |
| Source of classification or shelving scheme |
|
| Koha item type |
წიგნი |